000 00351nam a2200145Ia 4500
100 _aSchildt/ & others
490 _vII
942 _cRB
654 _aComputer
245 _aOsborne Windows Programming Series Vol 1 : Programming Fundamentals
260 _bOsborne
_aNew York
_c1994
082 _a5.13
_bPAN
546 _aENGLISH
999 _c20237
_d20237